00610nam a2200193 i 4500001000700000003000900007005001700016008004100033020001800074080002000092100003000112245005300142250001200195260005300207300003500260490003400295830003400329852005300363183560ES-MaACL20250912063056.0140721s2014 sp af |||| | spa d a9788461687589 a821.134.2-1"19"1 aVilanova, Manuel, d1944-10aQuerido valle de lágrimas / cManuel Vilanova. a1ª ed. aSantiago de Compostela : bFollas Novas, c2014. a200 p. : bil. col. ; c22 cm.1 aLos libros del caracol ; v240 aLos libros del caracol ; v24 aES-MaACLjA-13170bR.150111cDEPO1dOlim: N-6170